书目信息 |
| 题名: |
Orlicz空间几何理论
|
|
| 作者: | 吴从炘 著 | |
| 分册: | ||
| 出版信息: | 哈尔滨 哈尔滨工业大学出版社 1986 |
|
| 页数: | 283页 | |
| 开本: | 20cm | |
| 丛书名: | ||
| 单 册: | ||
| 中图分类: | O184 | |
| 科图分类: | ||
| 主题词: | 拓扑 , 几何 | |
| 电子资源: | ||
| ISBN: | ||
| 000 | 00650nam0 2200241 45 | |
| 001 | 0186011397 | |
| 005 | 20060510174128.95 | |
| 010 | @dCNY1.95 | |
| 091 | @a13341.17 | |
| 100 | @a19900818d1986 em y0chiy0121 ea | |
| 101 | 0 | @achi |
| 102 | @aCN@b230000 | |
| 105 | @ay z 000yy | |
| 200 | 10 | @aOrlicz空间几何理论@AOrlicz kong jian ji he li lun@f吴从炘等著@FWu Cong Xin Deng Zhu |
| 210 | @a哈尔滨@c哈尔滨工业大学出版社@d1986 | |
| 215 | @a283页@d20cm | |
| 606 | 0 | @a拓扑 |
| 606 | 0 | @a几何 |
| 690 | @aO184 | |
| 701 | 0 | @a吴从炘@Awu cong xin@4著 |
| 801 | 0 | @aCN@b深圳图书馆@c20060510 |
| 801 | 2 | @aCN@bNLC@c20060429 |
| 905 | @f1@b169271@dO184@e1 | |
| Orlicz空间几何理论/吴从炘等著.-哈尔滨:哈尔滨工业大学出版社,1986 |
| 283页;20cm |
| ISBN :CNY1.95 |
| ● |
| 相关链接 |
|
|
|
|
正题名:Orlicz空间几何理论
索取号:O184/1
 
预约/预借
| 序号 | 登录号 | 条形码 | 馆藏地/架位号 | 状态 | 备注 |
| 1 | 0169271 | 001956039 | 第二样本阅览室/ [索取号:O184/1] | 在馆 | |
| 2 | 0169272 | 202305102 | 密集书库/ [索取号:O184/1] | 在馆 | |
| 3 | 0169273 | 202149772 | 密集书库/ [索取号:O184/1] | 在馆 |